000 01834nam a2200289Ia 4500
999 _c55849
_d55849
001 22946
003 GE_BSU
005 20250904200120.0
008 181216s2005||||ge |||||||||||||| ||geo||
020 _a9789994006021
040 _cGE_BSU
041 _ageo
080 _a7(075.8)+7.038.1 კ-52
100 _aკინწურაშვილი, ქეთევან
_917003
245 _aსაუკუნის ხელოვნება (ავანგარდი) :
_c[სახელმძღვ. სამხატვ. სასწ. სტუდ. და მასწ.] ; დავით კაკაბაძის ნამუშევრები "ანონიმური საზოგადოების" კოლექციის ფონზე /
_hქეთევან კინწურაშვილი ; რედ. ია მჭედლიძე.
264 _aთბილისი :
_bშპს "ფორმა,
_c2005.
300 _a199 გვ. ;
_bილ. ;
_c20 სმ.
500 _aდავით კაკაბაძის ნამუშევრები "ანონიმური საზოგადოების" კოლექციის ფონზე
541 _h5 ლ.
653 _aსაუკუნის ხელოვნება (ავანგარდი)
653 _aხელოვნების სახელმძღვანელოები სტუდენტებისთვის
653 _aხელოვნების მეთოდური სახელმძღვანელოები
653 _aავანგარდი ხელოვნებაში
653 _aავანგარდი
700 _aმჭედლიძე, ია
_eრედაქტორი
_925774
942 _cBK
_2udc